| 000 | 00689 a2200205 4500 | ||
|---|---|---|---|
| 999 |
_c1521 _d1521 |
||
| 020 | _a9781408019221 | ||
| 050 | _aHD30.28 STR 2011 | ||
| 100 |
_aVolberda, Henk W. _eauthor |
||
| 245 |
_aStrategic management : _bcompetitiveness and globalization / _cHenk W. Volberda ...[et al] |
||
| 264 |
_aBelmont : _bSouth-Western Cengage Learning, _c2011 |
||
| 300 |
_axxxiii, 628p. : _bill. |
||
| 500 | _aIncludes index | ||
| 650 | _aStrategic management | ||
| 700 |
_aMorgan, Robert E. _eauthor |
||
| 700 |
_aReinmoeller, Patrick _eauthor |
||
| 700 |
_aHitt, Michael A. _eauthor |
||
| 700 |
_aIreland, R. Duane _eauthor |
||
| 700 |
_aHoskisson, Robert E. _eauthor |
||
| 942 |
_2lcc _cBK _h30.28 _iSTR _kHD |
||